| 000 | 00714nam a2200253Ia 4500 | ||
|---|---|---|---|
| 003 | OSt | ||
| 005 | 20220924114339.0 | ||
| 006 | a|||||r|||| 00| 0 | ||
| 007 | ta | ||
| 008 | 220923b |||||||| |||| 00| 0 ara d | ||
| 024 | _a341394 | ||
| 037 | _cTextual | ||
| 040 |
_aARTS _cARTS _bara |
||
| 041 |
_2ara _aara |
||
| 082 | _aP28,301, 28K8 | ||
| 100 |
_aNaimi Salim Au. _9173102 |
||
| 245 | 0 | _aAl- ishtiqaq le abi seyed abdul malik bin qarib il Asma | |
| 260 |
_aBaghdad _bAl-ilmi-al-Iraqi Iraq _c1968 |
||
| 300 |
_a216p. _ccm. |
||
| 650 | _a LINGUISTICS | ||
| 650 |
_aARABIC LANGUAGE _931794 |
||
| 942 |
_hP28,301, 28K8 _cTEXL _2CC |
||
| 999 |
_c393137 _d393137 |
||